000 00706nam a22002297a 4500
005 20170124110148.0
010 _aB-062986
020 _c00.00
_a8124202486
035 _aB-062986
037 _bCen Lib/Ret
040 _aDPL
_bEN
082 _a658.1553
_bDOY
100 _aDoyle, David
_933735
245 _aCost control :
_cby David Doyle
_bstrategic guide /
260 _aNew Delhi
_bKogan Page
_c2001
270 _a4325/3 Ansari Road, Darya Ganj
_bNew Delhi
300 _a171p.
_c23cm(Hb)
500 _aIncludes bibliographical references and index
650 _aValue analysis (Cost control)
_933736
650 _aCost control
_9101730
942 _2ddc
_cEN
_h658.1553
_mDOY
999 _c132110
_d132110